Design of equilibrium stage processes (Record no. 13251)

000 -LEADER
fixed length control field 00589nam a22002171 4500
001 - CONTROL NUMBER
control field 13251
003 - CONTROL NUMBER IDENTIFIER
control field BD-DhUET
008 - FIXED-LENGTH DATA ELEMENTS--GENERAL INFORMATION
fixed length control field 740517s1963 nyua b 000 0 eng
020 ## - INTERNATIONAL STANDARD BOOK NUMBER
International Standard Book Number 070586373
040 ## - CATALOGING SOURCE
Original cataloging agency DLC
Transcribing agency OAkU
Modifying agency BD-DhUET
082 ## - DEWEY DECIMAL CLASSIFICATION NUMBER
Classification number 660.28422
Item number SMI/1963
100 1# - MAIN ENTRY--PERSONAL NAME
Personal name Smith, Buford D.
245 10 - TITLE STATEMENT
Title Design of equilibrium stage processes
250 ## - EDITION STATEMENT
Edition statement 1st ed.
260 ## - PUBLICATION, DISTRIBUTION, ETC. (IMPRINT)
Place of publication, distribution, etc. New York
Name of publisher, distributor, etc. McGraw-Hill
Date of publication, distribution, etc. 1963
300 ## - PHYSICAL DESCRIPTION
Extent 647 p.
Other physical details ill.
Dimensions 24 cm.
490 ## - SERIES STATEMENT
Series statement McGraw-Hill chemical engineering series
504 ## - BIBLIOGRAPHY, ETC. NOTE
Bibliography, etc Includes bibliographies
650 #0 - SUBJECT ADDED ENTRY--TOPICAL TERM
Topical term or geographic name as entry element Chemical equilibrium
942 ## - ADDED ENTRY ELEMENTS (KOHA)
Koha item type General Book
Holdings
Not for loan Piece designation (barcode) Copy number Source of classification or shelving scheme Lost status Price effective from Koha date last seen Shelving location Koha full call number Date acquired Koha item type Withdrawn status Koha normalized classification for sorting Damaged status Sublocation or collection (holding branch) Location (home branch)
 349541  2015-03-022015-03-02Circulation section660.28422/SMI/19632015-03-02General Book 660_284220000000000_SMI_1963 Central Library, BUETCentral Library, BUET
 298452  2015-03-032015-03-03Circulation section660.28422/SMI/19632015-03-03General Book 660_284220000000000_SMI_1963 Central Library, BUETCentral Library, BUET
 298413  2015-03-032015-03-03Circulation section660.28422/SMI/19632015-03-03General Book 660_284220000000000_SMI_1963 Central Library, BUETCentral Library, BUET
 298474  2015-03-032015-03-03Circulation section660.28422/SMI/19632015-03-03General Book 660_284220000000000_SMI_1963 Central Library, BUETCentral Library, BUET
 298535  2015-03-032015-03-03Circulation section660.28422/SMI/19632015-03-03General Book 660_284220000000000_SMI_1963 Central Library, BUETCentral Library, BUET
 298436  2015-03-032015-03-03Circulation section660.28422/SMI/19632015-03-03General Book 660_284220000000000_SMI_1963 Central Library, BUETCentral Library, BUET
 298447  2015-03-032015-03-03Circulation section660.28422/SMI/19632015-03-03General Book 660_284220000000000_SMI_1963 Central Library, BUETCentral Library, BUET
 298408  2015-03-032015-03-03Circulation section660.28422/SMI/19632015-03-03General Book 660_284220000000000_SMI_1963 Central Library, BUETCentral Library, BUET
 349559  2015-03-032015-03-03Circulation section660.28422/SMI/19632015-03-03General Book 660_284220000000000_SMI_1963 Central Library, BUETCentral Library, BUET
 1147710  2015-05-112015-05-11Circulation section660.28422/SMI/19632015-05-11General Book 660_284220000000000_SMI_1963 Central Library, BUETCentral Library, BUET
 2984611  2015-05-112015-05-11Circulation section660.28422/SMI/19632015-05-11General Book 660_284220000000000_SMI_1963 Central Library, BUETCentral Library, BUET
 3495312  2015-05-112015-05-11Circulation section660.28422/SMI/19632015-05-11General Book 660_284220000000000_SMI_1963 Central Library, BUETCentral Library, BUET
 1883613  2015-05-112015-05-11Circulation section660.28422/SMI/19632015-05-11General Book 660_284220000000000_SMI_1963 Central Library, BUETCentral Library, BUET
 2985414  2015-05-112015-05-11Circulation section660.28422/SMI/19632015-05-11General Book 660_284220000000000_SMI_1963 Central Library, BUETCentral Library, BUET
 2985615  2015-05-112015-05-11Circulation section660.28422/SMI/19632015-05-11General Book 660_284220000000000_SMI_1963 Central Library, BUETCentral Library, BUET
 2984816  2015-05-192015-05-19Circulation section660.28422/SMI/19632015-05-19General Book 660_284220000000000_SMI_1963 Central Library, BUETCentral Library, BUET
 644917  2015-06-182015-06-18Reading section660.28422/SMI/19632015-06-18Reading Item 660_284220000000000_SMI_1963 Central Library, BUETCentral Library, BUET